000 00765nam a2200253 a 4500
008
020 _a0797411445 (pbk.)
049 _aMAIN
090 0 _aHF5549.2.Z55 BAT
100 1 _aBates, Ann.
245 1 0 _aPersonnel management in Zimbabwe /
_cAnn Bates.
250 _a1st. ed.
260 _aHarare, Zimbabwe :
_bJann Investments and Consultancy,
_c1993.
300 _av, 221 p. :
_bill. ;
_c30 cm.
500 _aIncludes index.
504 _aIncludes bibliographical references.
650 0 _aPersonnel management
_zZimbabwe.
650 _aHuman resources management.
907 _a.b10228317
_b13-06-12
_c30-01-07
003
005 20230123134345.0
040 _cNUST
942 _cBOOKS
_kHF5549.2.Z55 BAT
999 _c164515
_d164515